[Event "DVM U20 2019"]
[Site "Braunschweig GER"]
[Date "2019.12.27"]
[Round "1"]
[White "Engel, Robert"]
[Black "Verfürth, Kevin"]
[Result "1/2-1/2"]
[Termination "normal"]
[Board "4.3"]
[WhiteElo "2075"]
[BlackElo "2038"]
[WhiteClock "00:06:07"]
[BlackClock "00:04:50"]
[WhiteTeam "Hamburger SK"]
[BlackTeam "Schachklub Turm Kleve 1974 e. V."]
[PlyCount "69"]
[WhiteFideId "12974684"]
[BlackFideId "12954829"]
[EventCountry "GER"]
[EventRounds "7"]
[EventType "team-swiss"]
[EventDate "2019.12.26"]

1. e4 c5 2. Nf3 d6 {[%clk 1:31:10]} 3. d4 {[%clk 1:31:48]} cxd4 {[%clk
1:31:30]} 4. Nxd4 {[%clk 1:32:12]} Nf6 {[%clk 1:31:50]} 5. f3 {[%clk 1:32:38]}
g6 {[%clk 1:31:41]} 6. c4 {[%clk 1:33:02]} Bg7 {[%clk 1:32:07]} 7. Nc3 {[%clk
1:33:25]} Nc6 {[%clk 1:32:13]} 8. Be3 {[%clk 1:33:35]} O-O {[%clk 1:32:12]} 9.
Qd2 {[%clk 1:34:00]} Nxd4 {[%clk 1:31:29]} 10. Bxd4 {[%clk 1:34:24]} Nd7 {[%clk
1:30:16]} 11. Be3 {[%clk 1:31:59]} Ne5 {[%clk 1:15:14]} 12. Rc1 {[%clk
1:24:06]} Be6 {[%clk 1:09:41]} 13. b3 {[%clk 1:24:04]} Qd7 {[%clk 0:55:54]} 14.
Be2 {[%clk 1:22:11]} f5 {[%clk 0:39:14]} 15. O-O {[%clk 1:16:00]} fxe4 {[%clk
0:35:26]} 16. Nxe4 {[%clk 1:15:49]} Bf5 {[%clk 0:34:46]} 17. Nc3 {[%clk
1:10:48]} b6 {[%clk 0:29:17]} 18. Nb5 {[%clk 1:06:14]} Rac8 {[%clk 0:24:52]}
19. a4 {[%clk 1:04:31]} Nc6 {[%clk 0:23:14]} 20. Bd3 {[%clk 0:59:37]} Bxd3
{[%clk 0:21:14]} 21. Qxd3 {[%clk 1:00:01]} Qf5 22. Rfd1 {[%clk 0:50:59]} Qxd3
{[%clk 0:17:50]} 23. Rxd3 {[%clk 0:51:23]} Be5 {[%clk 0:17:37]} 24. Nd4 {[%clk
0:34:27]} Nxd4 {[%clk 0:16:38]} 25. Bxd4 {[%clk 0:34:52]} Bxd4+ {[%clk
0:17:03]} 26. Rxd4 {[%clk 0:35:17]} Rf5 {[%clk 0:13:25]} 27. Re1 {[%clk
0:34:58]} Kf7 {[%clk 0:13:26]} 28. Kf2 {[%clk 0:31:31]} Rc7 {[%clk 0:09:44]}
29. g4 {[%clk 0:31:21]} Rf6 {[%clk 0:09:36]} 30. Kg3 {[%clk 0:24:48]} e5 {[%clk
0:07:22]} 31. Rd5 {[%clk 0:23:03]} Rc5 {[%clk 0:07:28]} 32. Red1 {[%clk
0:16:20]} Rxd5 {[%clk 0:07:07]} 33. Rxd5 {[%clk 0:15:57]} Ke6 {[%clk 0:06:48]}
34. a5 {[%clk 0:15:26]} Kd7 {[%clk 0:04:50]} 35. h3 {[%clk 0:06:07]} 1/2-1/2

[Event "DVM U20 2019"]
[Site "Braunschweig GER"]
[Date "2019.12.27"]
[Round "1"]
[White "Hoenselaar, Dennis"]
[Black "Meyling, Lennart"]
[Result "0-1"]
[Termination "normal"]
[Board "4.4"]
[WhiteElo "1769"]
[BlackElo "1955"]
[WhiteClock "00:01:21"]
[BlackClock "00:59:05"]
[WhiteTeam "Schachklub Turm Kleve 1974 e. V."]
[BlackTeam "Hamburger SK"]
[PlyCount "56"]
[WhiteFideId "1060791"]
[BlackFideId "12947130"]
[EventCountry "GER"]
[EventRounds "7"]
[EventType "team-swiss"]
[EventDate "2019.12.26"]

1. c4 {[%clk 1:30:57]} g6 {[%clk 1:30:35]} 2. g3 {[%clk 1:31:09]} Bg7 {[%clk
1:30:49]} 3. Bg2 {[%clk 1:31:18]} d6 {[%clk 1:30:26]} 4. Nc3 {[%clk 1:30:19]}
e5 5. d3 {[%clk 1:27:04]} Ne7 {[%clk 1:29:28]} 6. e3 {[%clk 1:24:57]} O-O
{[%clk 1:29:27]} 7. Nge2 {[%clk 1:24:25]} c6 {[%clk 1:29:05]} 8. O-O {[%clk
1:22:41]} f5 {[%clk 1:28:21]} 9. f4 {[%clk 1:21:08]} Be6 {[%clk 1:24:50]} 10.
b3 {[%clk 1:16:55]} Nd7 {[%clk 1:24:14]} 11. Qc2 {[%clk 1:11:10]} d5 {[%clk
1:22:55]} 12. fxe5 {[%clk 1:03:55]} Nxe5 {[%clk 1:22:53]} 13. Nf4 {[%clk
0:58:30]} Bf7 {[%clk 1:22:40]} 14. d4 {[%clk 0:57:37]} Ng4 {[%clk 1:22:50]} 15.
h3 {[%clk 0:54:32]} Nf6 {[%clk 1:23:10]} 16. c5 {[%clk 0:54:32]} g5 {[%clk
1:19:16]} 17. Nd3 {[%clk 0:48:30]} Ne4 {[%clk 1:18:46]} 18. Ne2 {[%clk
0:38:12]} Qc7 {[%clk 1:16:22]} 19. Bxe4 {[%clk 0:24:45]} fxe4 {[%clk 1:15:48]}
20. Ne5 {[%clk 0:21:26]} Be6 {[%clk 1:14:57]} 21. Rxf8+ {[%clk 0:19:27]} Rxf8
{[%clk 1:15:13]} 22. Kg2 {[%clk 0:17:35]} Bxe5 {[%clk 1:10:02]} 23. dxe5 {[%clk
0:17:30]} Qxe5 {[%clk 1:10:09]} 24. Bb2 {[%clk 0:12:43]} Bxh3+ {[%clk 0:58:51]}
25. Kxh3 {[%clk 0:04:52]} Qf5+ {[%clk 0:58:44]} 26. g4 {[%clk 0:03:34]} Qf2
{[%clk 0:58:54]} 27. Be5 {[%clk 0:02:16]} Rf3+ {[%clk 0:58:43]} 28. Bg3 {[%clk
0:01:21]} Rxg3+ {[%clk 0:59:05]} 0-1

[Event "DVM U20 2019"]
[Site "Braunschweig GER"]
[Date "2019.12.27"]
[Round "1"]
[White "Fuhrmann, Äke"]
[Black "Habersetzer, Elyse"]
[Result "0-1"]
[Termination "normal"]
[Board "4.5"]
[WhiteElo "1879"]
[BlackElo "1650"]
[WhiteClock "00:04:42"]
[BlackClock "00:10:12"]
[WhiteTeam "Hamburger SK"]
[BlackTeam "Schachklub Turm Kleve 1974 e. V."]
[PlyCount "60"]
[WhiteFideId "12983853"]
[BlackFideId "16222288"]
[EventCountry "GER"]
[EventRounds "7"]
[EventType "team-swiss"]
[EventDate "2019.12.26"]

1. c4 e6 {[%clk 1:30:51]} 2. g3 {[%clk 1:30:56]} d5 {[%clk 1:31:02]} 3. Bg2
{[%clk 1:31:21]} dxc4 {[%clk 1:28:16]} 4. Qa4+ {[%clk 1:31:41]} Nd7 {[%clk
1:28:30]} 5. Qxc4 {[%clk 1:32:01]} a6 {[%clk 1:28:20]} 6. Qb3 {[%clk 1:30:57]}
Rb8 {[%clk 1:27:04]} 7. Nf3 {[%clk 1:25:59]} Ngf6 {[%clk 1:26:08]} 8. O-O
{[%clk 1:22:06]} Be7 {[%clk 1:24:33]} 9. Nc3 {[%clk 1:19:05]} O-O {[%clk
1:22:39]} 10. d4 {[%clk 1:13:13]} b5 {[%clk 1:17:04]} 11. Rd1 {[%clk 1:09:34]}
Bb7 {[%clk 1:13:19]} 12. Bf4 {[%clk 0:59:22]} Rc8 {[%clk 1:09:53]} 13. Ne5
{[%clk 0:51:35]} Bxg2 {[%clk 1:05:12]} 14. Kxg2 {[%clk 0:51:58]} Nb6 {[%clk
1:03:46]} 15. Rac1 {[%clk 0:38:26]} Qe8 {[%clk 0:56:47]} 16. Nd3 {[%clk
0:32:15]} Nc4 {[%clk 0:53:05]} 17. a4 {[%clk 0:30:01]} c6 {[%clk 0:41:01]} 18.
Nc5 {[%clk 0:26:20]} Bxc5 {[%clk 0:35:16]} 19. dxc5 {[%clk 0:26:45]} Nd5 {[%clk
0:35:08]} 20. Nxd5 {[%clk 0:24:06]} exd5 {[%clk 0:30:57]} 21. Qc3 {[%clk
0:20:40]} Qe4+ {[%clk 0:25:37]} 22. Kg1 {[%clk 0:20:49]} Rfe8 {[%clk 0:24:58]}
23. Rd3 {[%clk 0:17:22]} bxa4 {[%clk 0:18:46]} 24. Re1 {[%clk 0:16:20]} a5
{[%clk 0:18:17]} 25. Rdd1 {[%clk 0:13:32]} Qe7 {[%clk 0:16:29]} 26. e4 {[%clk
0:07:50]} Qxc5 {[%clk 0:13:50]} 27. Be3 {[%clk 0:05:54]} Qb4 {[%clk 0:12:22]}
28. exd5 {[%clk 0:06:00]} Nxb2 {[%clk 0:11:23]} 29. Qxb4 {[%clk 0:04:59]} axb4
{[%clk 0:11:48]} 30. Rd4 {[%clk 0:04:42]} c5 {[%clk 0:10:12]} 0-1

[Event "DVM U20 2019"]
[Site "Braunschweig GER"]
[Date "2019.12.27"]
[Round "1"]
[White "van Haaren, Laurens Jan"]
[Black "Foo, Tzun Hong"]
[Result "0-1"]
[Termination "normal"]
[Board "4.6"]
[WhiteElo "1482"]
[BlackElo "1829"]
[WhiteClock "00:08:19"]
[BlackClock "00:10:52"]
[WhiteTeam "Schachklub Turm Kleve 1974 e. V."]
[BlackTeam "Hamburger SK"]
[PlyCount "50"]
[WhiteFideId "12976741"]
[BlackFideId "12974200"]
[EventCountry "GER"]
[EventRounds "7"]
[EventType "team-swiss"]
[EventDate "2019.12.26"]

1. d4 Nf6 2. Nf3 {[%clk 1:31:15]} e6 {[%clk 1:30:39]} 3. g3 {[%clk 1:30:08]} b6
{[%clk 1:30:01]} 4. Bg2 {[%clk 1:29:26]} Bb7 {[%clk 1:30:09]} 5. c4 {[%clk
1:26:42]} Bb4+ {[%clk 1:30:05]} 6. Bd2 {[%clk 1:25:33]} Be7 {[%clk 1:30:17]} 7.
O-O {[%clk 1:24:42]} O-O {[%clk 1:28:05]} 8. Nc3 {[%clk 1:23:20]} c6 {[%clk
1:26:09]} 9. Qc2 {[%clk 1:17:36]} d5 {[%clk 1:23:07]} 10. cxd5 {[%clk 1:12:54]}
cxd5 {[%clk 1:16:48]} 11. Rac1 {[%clk 1:05:42]} Nc6 {[%clk 1:07:12]} 12. a3
{[%clk 0:59:48]} Na5 {[%clk 0:55:48]} 13. Bf4 {[%clk 0:53:50]} Nc4 {[%clk
0:50:39]} 14. Nd2 {[%clk 0:50:26]} Rc8 {[%clk 0:46:09]} 15. Nxc4 {[%clk
0:47:43]} Rxc4 {[%clk 0:46:30]} 16. Qd3 {[%clk 0:47:32]} Ba6 {[%clk 0:29:54]}
17. b4 {[%clk 0:37:31]} Qd7 {[%clk 0:24:52]} 18. Rfd1 {[%clk 0:33:40]} Rfc8
{[%clk 0:22:42]} 19. Qd2 {[%clk 0:33:00]} Qc6 {[%clk 0:16:56]} 20. Na2 {[%clk
0:28:37]} Qa4 {[%clk 0:15:28]} 21. Qb2 {[%clk 0:27:26]} Rc2 {[%clk 0:13:36]}
22. Rxc2 {[%clk 0:23:02]} Rxc2 {[%clk 0:13:32]} 23. Qb1 {[%clk 0:21:24]} Rxa2
{[%clk 0:13:38]} 24. Rc1 {[%clk 0:13:27]} Rxa3 {[%clk 0:12:27]} 25. Qb2 {[%clk
0:08:19]} Bc4 {[%clk 0:10:52]} 0-1

[Event "DVM U20 2019"]
[Site "Braunschweig GER"]
[Date "2019.12.27"]
[Round "1"]
[White "Hoffmann, Jens"]
[Black "Vuckovic, Zarko"]
[Result "1/2-1/2"]
[Termination "normal"]
[Board "5.1"]
[WhiteElo "2113"]
[BlackElo "2258"]
[WhiteClock "00:00:39"]
[BlackClock "01:00:00"]
[WhiteTeam "SF HN-Biberach 1978 e.V."]
[BlackTeam "Schachfreunde Augsburg"]
[PlyCount "99"]
[WhiteFideId "12946320"]
[BlackFideId "12952087"]
[EventCountry "GER"]
[EventRounds "7"]
[EventType "team-swiss"]
[EventDate "2019.12.26"]

1. e4 {[%clk 1:30:58]} c5 {[%clk 1:30:56]} 2. Nf3 {[%clk 1:31:22]} Nc6 {[%clk
1:31:18]} 3. d4 {[%clk 1:31:47]} cxd4 {[%clk 1:31:44]} 4. Nxd4 {[%clk 1:32:11]}
Qb6 {[%clk 1:30:22]} 5. Nb3 {[%clk 1:32:34]} Nf6 {[%clk 1:30:47]} 6. Nc3 {[%clk
1:32:39]} e6 {[%clk 1:31:13]} 7. Bd3 {[%clk 1:32:53]} a6 {[%clk 1:27:32]} 8.
O-O {[%clk 1:29:33]} Be7 {[%clk 1:26:41]} 9. Be3 {[%clk 1:25:54]} Qc7 {[%clk
1:25:50]} 10. f4 {[%clk 1:23:28]} d6 {[%clk 1:26:14]} 11. a4 {[%clk 1:02:28]}
O-O {[%clk 1:11:28]} 12. a5 {[%clk 0:53:13]} Bd7 {[%clk 1:11:51]} 13. Na4
{[%clk 0:50:47]} Nb4 {[%clk 1:11:51]} 14. Nb6 {[%clk 0:49:50]} Rad8 {[%clk
1:12:07]} 15. Nxd7 {[%clk 0:24:32]} Nxd7 {[%clk 1:09:46]} 16. c3 {[%clk
0:23:11]} Nxd3 {[%clk 1:08:49]} 17. Qxd3 {[%clk 0:23:37]} Rc8 {[%clk 1:08:38]}
18. Rfd1 {[%clk 0:21:15]} Nf6 {[%clk 1:02:48]} 19. Nd2 {[%clk 0:06:37]} d5
{[%clk 1:02:11]} 20. e5 {[%clk 0:01:59]} Nd7 {[%clk 1:02:38]} 21. Nf3 {[%clk
0:01:07]} Qc4 {[%clk 1:02:35]} 22. Qxc4 {[%clk 0:00:47]} Rxc4 {[%clk 1:03:02]}
23. Kf2 {[%clk 0:00:40]} Bc5 {[%clk 0:58:33]} 24. Nd4 {[%clk 0:00:38]} Bxd4
{[%clk 0:58:11]} 25. Rxd4 {[%clk 0:00:45]} Rc7 {[%clk 0:57:30]} 26. Rb4 {[%clk
0:00:41]} f6 {[%clk 0:57:09]} 27. exf6 {[%clk 0:00:42]} Nxf6 {[%clk 0:57:14]}
28. Bd4 {[%clk 0:00:45]} Ne4+ {[%clk 0:56:36]} 29. Ke3 {[%clk 0:01:02]} Nd6
{[%clk 0:45:59]} 30. Be5 {[%clk 0:00:12]} Nc4+ {[%clk 0:43:24]} 31. Kd4 {[%clk
0:00:35]} Re7 {[%clk 0:43:44]} 32. b3 {[%clk 0:00:35]} Nxe5 {[%clk 0:42:20]}
33. Kxe5 {[%clk 0:00:38]} Rf5+ {[%clk 0:40:43]} 34. Kd6 {[%clk 0:00:50]} Kf7
{[%clk 0:40:36]} 35. g4 {[%clk 0:00:44]} Rf6 {[%clk 0:41:30]} 36. Ke5 {[%clk
0:00:47]} h5 {[%clk 0:37:46]} 37. h3 {[%clk 0:00:35]} hxg4 {[%clk 0:37:36]} 38.
hxg4 {[%clk 0:01:03]} Rh6 {[%clk 0:37:59]} 39. Re1 {[%clk 0:00:52]} Rh4 {[%clk
0:35:20]} 40. g5 {[%clk 0:00:42]} Rh3 {[%clk 0:35:07]} 41. Rc1 {[%clk 0:07:51]}
Rd7 {[%clk 1:03:09]} 42. g6+ {[%clk 0:04:19]} Ke7 {[%clk 1:03:23]} 43. f5
{[%clk 0:03:42]} Re3+ {[%clk 1:02:09]} 44. Kf4 {[%clk 0:03:53]} Re2 {[%clk
1:02:30]} 45. fxe6 {[%clk 0:03:34]} Rxe6 {[%clk 1:02:10]} 46. Kg5 {[%clk
0:03:11]} Rc6 {[%clk 1:01:53]} 47. Rf1 {[%clk 0:00:40]} Ke6 {[%clk 1:01:10]}
48. Rf7 {[%clk 0:00:35]} Rcc7 {[%clk 1:01:32]} 49. Rxd7 {[%clk 0:00:36]} Kxd7
{[%clk 1:00:00]} 50. Kf5 {[%clk 0:00:39]} *

[Event "DVM U20 2019"]
[Site "Braunschweig GER"]
[Date "2019.12.27"]
[Round "1"]
[White "Weller, Uli"]
[Black "Geltz, Noah"]
[Result "1/2-1/2"]
[Termination "normal"]
[Board "5.2"]
[WhiteElo "2070"]
[BlackElo "2054"]
[WhiteClock "00:03:43"]
[BlackClock "00:03:16"]
[WhiteTeam "Schachfreunde Augsburg"]
[BlackTeam "SF HN-Biberach 1978 e.V."]
[PlyCount "74"]
[WhiteFideId "12971782"]
[BlackFideId "16224256"]
[EventCountry "GER"]
[EventRounds "7"]
[EventType "team-swiss"]
[EventDate "2019.12.26"]

1. e4 {[%clk 1:30:57]} Nf6 {[%clk 1:30:50]} 2. Nc3 {[%clk 1:30:27]} d5 {[%clk
1:30:34]} 3. e5 {[%clk 1:26:41]} d4 {[%clk 1:28:57]} 4. Nce2 {[%clk 1:26:05]}
Ng4 {[%clk 1:24:42]} 5. f4 {[%clk 1:18:16]} e6 {[%clk 1:16:08]} 6. h3 {[%clk
1:13:30]} Nh6 {[%clk 1:15:11]} 7. d3 {[%clk 1:07:57]} b6 {[%clk 1:09:00]} 8.
Nf3 {[%clk 1:06:53]} c5 {[%clk 1:06:16]} 9. g4 {[%clk 1:01:09]} Bb7 {[%clk
1:04:41]} 10. Bg2 {[%clk 1:01:15]} Nc6 {[%clk 1:03:04]} 11. O-O {[%clk
1:00:03]} Qd7 {[%clk 1:00:23]} 12. Ng3 {[%clk 0:59:35]} g6 {[%clk 0:56:47]} 13.
Ne4 {[%clk 0:51:13]} O-O-O {[%clk 0:55:35]} 14. Bd2 {[%clk 0:50:12]} Kb8 {[%clk
0:51:25]} 15. a4 {[%clk 0:48:31]} a6 {[%clk 0:43:50]} 16. Be1 {[%clk 0:45:29]}
Be7 {[%clk 0:38:59]} 17. Qe2 {[%clk 0:38:30]} a5 {[%clk 0:31:53]} 18. Nfd2
{[%clk 0:33:58]} Ba6 {[%clk 0:27:16]} 19. Qf3 {[%clk 0:22:54]} Nb4 {[%clk
0:25:01]} 20. Nc4 {[%clk 0:21:19]} Nd5 {[%clk 0:22:52]} 21. Bd2 {[%clk
0:15:22]} Ka7 {[%clk 0:20:22]} 22. Ned6 {[%clk 0:11:33]} Bxd6 {[%clk 0:18:28]}
23. Nxd6 {[%clk 0:11:46]} f5 {[%clk 0:18:34]} 24. gxf5 {[%clk 0:06:26]} Nxf5
{[%clk 0:18:12]} 25. Nxf5 {[%clk 0:06:53]} gxf5 {[%clk 0:18:33]} 26. b3 {[%clk
0:06:40]} Rhg8 {[%clk 0:17:25]} 27. Kh2 {[%clk 0:06:19]} Rg7 {[%clk 0:12:33]}
28. Rg1 {[%clk 0:06:32]} Bb7 {[%clk 0:12:40]} 29. Qf2 {[%clk 0:03:25]} Rdg8
{[%clk 0:09:53]} 30. Bf3 {[%clk 0:03:26]} Qf7 {[%clk 0:07:56]} 31. Rxg7 {[%clk
0:03:30]} Rxg7 {[%clk 0:07:28]} 32. Rg1 {[%clk 0:03:45]} Rxg1 {[%clk 0:07:03]}
33. Qxg1 {[%clk 0:03:51]} Ne7 {[%clk 0:07:07]} 34. Bxb7 {[%clk 0:03:49]} Kxb7
{[%clk 0:06:54]} 35. Qg5 {[%clk 0:03:56]} Kc7 {[%clk 0:05:05]} 36. h4 {[%clk
0:03:43]} Kd7 {[%clk 0:03:53]} 37. Qg2 Nd5 {[%clk 0:03:16]} 1/2-1/2

[Event "DVM U20 2019"]
[Site "Braunschweig GER"]
[Date "2019.12.27"]
[Round "1"]
[White "Triantafillidis, Simeon"]
[Black "Weisheit, Erik"]
[Result "0-1"]
[Termination "normal"]
[Board "5.3"]
[WhiteElo "1931"]
[BlackElo "1944"]
[WhiteClock "00:20:48"]
[BlackClock "00:32:46"]
[WhiteTeam "SF HN-Biberach 1978 e.V."]
[BlackTeam "Schachfreunde Augsburg"]
[PlyCount "95"]
[WhiteFideId "12953113"]
[BlackFideId "12981702"]
[EventCountry "GER"]
[EventRounds "7"]
[EventType "team-swiss"]
[EventDate "2019.12.26"]

1. e4 c5 2. Nf3 d6 3. Bb5+ Nd7 4. O-O Ngf6 5. Re1 g6 6. c3 a6 7. Bd3 Bg7 {[%clk
1:28:54]} 8. Bc2 {[%clk 1:21:11]} c4 {[%clk 1:19:14]} 9. b3 {[%clk 1:16:05]} b5
{[%clk 1:19:38]} 10. bxc4 {[%clk 1:16:11]} bxc4 {[%clk 1:20:00]} 11. Na3 {[%clk
1:15:36]} Qc7 {[%clk 1:16:31]} 12. Qe2 {[%clk 1:09:58]} Nb6 {[%clk 1:16:22]}
13. e5 {[%clk 1:08:17]} dxe5 {[%clk 1:15:57]} 14. Nxe5 {[%clk 0:59:55]} Be6
{[%clk 1:15:58]} 15. Rb1 {[%clk 0:59:38]} O-O {[%clk 1:13:31]} 16. Rxb6 {[%clk
0:46:32]} Qxb6 {[%clk 1:13:51]} 17. Naxc4 {[%clk 0:46:51]} Qc7 {[%clk 1:13:16]}
18. Ba3 {[%clk 0:43:28]} Rac8 {[%clk 1:11:59]} 19. Nb2 {[%clk 0:35:47]} Rfd8
{[%clk 1:04:22]} 20. Ba4 {[%clk 0:34:24]} Bh6 {[%clk 0:53:25]} 21. Rd1 {[%clk
0:20:15]} Rd5 {[%clk 0:44:17]} 22. Nc6 {[%clk 0:18:24]} Rh5 {[%clk 0:44:15]}
23. g3 {[%clk 0:17:38]} Nd5 {[%clk 0:38:06]} 24. c4 {[%clk 0:11:55]} Nf4 {[%clk
0:37:50]} 25. Qe4 {[%clk 0:10:51]} Nh3+ {[%clk 0:37:25]} 26. Kg2 {[%clk
0:11:11]} Ng5 {[%clk 0:29:10]} 27. Qe2 {[%clk 0:09:53]} Qb7 {[%clk 0:28:40]}
28. d4 {[%clk 0:04:08]} Rxc6 {[%clk 0:28:47]} 29. Bxc6 {[%clk 0:04:33]} Qxc6+
{[%clk 0:29:06]} 30. d5 {[%clk 0:04:53]} Bh3+ {[%clk 0:29:27]} 31. Kg1 {[%clk
0:04:26]} Qf6 {[%clk 0:29:11]} 32. f4 {[%clk 0:03:57]} Qf5 {[%clk 0:12:06]} 33.
fxg5 {[%clk 0:03:08]} Bxg5 {[%clk 0:12:21]} 34. Re1 {[%clk 0:02:35]} Bg4 {[%clk
0:11:33]} 35. Qf2 {[%clk 0:02:48]} Qxf2+ {[%clk 0:11:19]} 36. Kxf2 {[%clk
0:03:17]} Rxh2+ {[%clk 0:11:38]} 37. Kg1 {[%clk 0:03:41]} Rc2 {[%clk 0:11:52]}
38. d6 {[%clk 0:00:56]} exd6 {[%clk 0:11:45]} 39. Nd3 {[%clk 0:01:12]} Rxc4
{[%clk 0:10:45]} 40. Bxd6 {[%clk 0:01:35]} Be6 {[%clk 0:10:46]} 41. Rb1 {[%clk
0:01:30]} Be3+ {[%clk 0:09:47]} 42. Kf1 {[%clk 0:29:21]} Bd4 {[%clk 0:39:36]}
43. Nf4 {[%clk 0:27:35]} Bf5 {[%clk 0:39:06]} 44. Rb8+ {[%clk 0:27:21]} Rc8
{[%clk 0:39:31]} 45. Rb4 {[%clk 0:27:20]} Bf6 {[%clk 0:36:37]} 46. Rb6 {[%clk
0:25:23]} a5 {[%clk 0:33:44]} 47. Ra6 {[%clk 0:21:42]} Bc3 {[%clk 0:32:46]} 48.
Rb6 {[%clk 0:20:48]} *

[Event "DVM U20 2019"]
[Site "Braunschweig GER"]
[Date "2019.12.27"]
[Round "1"]
[White "Vuckovic, Robert"]
[Black "Fischer, Patrick"]
[Result "1-0"]
[Termination "normal"]
[Board "5.4"]
[WhiteElo "1897"]
[BlackElo "1604"]
[WhiteClock "00:50:16"]
[BlackClock "00:45:07"]
[WhiteTeam "Schachfreunde Augsburg"]
[BlackTeam "SF HN-Biberach 1978 e.V."]
[PlyCount "69"]
[WhiteFideId "12998680"]
[BlackFideId "12953075"]
[EventCountry "GER"]
[EventRounds "7"]
[EventType "team-swiss"]
[EventDate "2019.12.26"]

1. e4 c6 2. d4 d5 3. e5 Bf5 4. h4 h6 5. g4 Bd7 6. f4 e6 {[%clk 1:25:01]} 7. Bd3
{[%clk 1:19:27]} Ne7 {[%clk 1:25:01]} 8. Nf3 {[%clk 1:19:27]} Na6 {[%clk
1:25:01]} 9. c3 {[%clk 1:19:27]} Qb6 {[%clk 1:25:01]} 10. b4 {[%clk 1:19:27]}
Nc7 {[%clk 1:25:01]} 11. Bb2 {[%clk 1:19:27]} a5 {[%clk 1:25:01]} 12. a3 {[%clk
1:19:27]} a4 {[%clk 1:25:01]} 13. Nbd2 {[%clk 1:19:27]} Qa7 {[%clk 1:25:01]}
14. Qc2 {[%clk 1:19:27]} O-O-O {[%clk 1:25:01]} 15. O-O-O {[%clk 1:19:27]} b5
{[%clk 1:25:01]} 16. Nf1 {[%clk 1:19:27]} Ng8 {[%clk 1:25:01]} 17. Ng3 {[%clk
1:19:27]} Be7 {[%clk 1:25:01]} 18. f5 {[%clk 1:19:27]} Rf8 {[%clk 1:25:01]} 19.
Rdf1 {[%clk 0:59:08]} Bd8 {[%clk 0:55:09]} 20. Nh5 {[%clk 0:57:18]} Ne8 {[%clk
0:54:25]} 21. Nd2 {[%clk 0:55:25]} Kb8 {[%clk 0:52:57]} 22. Kb1 {[%clk
0:51:50]} Qc7 {[%clk 0:49:47]} 23. Bc1 {[%clk 0:51:55]} f6 {[%clk 0:46:12]} 24.
fxe6 {[%clk 0:50:47]} Bxe6 {[%clk 0:46:26]} 25. Nf4 {[%clk 0:51:10]} Bf7 {[%clk
0:44:52]} 26. e6 {[%clk 0:51:29]} g5 {[%clk 0:44:17]} 27. exf7 {[%clk 0:51:39]}
gxf4 {[%clk 0:43:27]} 28. fxe8=Q {[%clk 0:51:54]} Rxe8 {[%clk 0:43:43]} 29. Nf3
{[%clk 0:51:24]} Be7 {[%clk 0:43:28]} 30. Re1 {[%clk 0:51:20]} Qd7 {[%clk
0:43:57]} 31. Bxf4+ {[%clk 0:51:30]} Kb7 {[%clk 0:44:26]} 32. Bf5 {[%clk
0:51:38]} Qd8 {[%clk 0:44:39]} 33. Qe2 {[%clk 0:51:11]} h5 {[%clk 0:44:53]} 34.
gxh5 {[%clk 0:49:52]} Rxh5 {[%clk 0:45:07]} 35. Bg6 {[%clk 0:50:16]} 1-0

[Event "DVM U20 2019"]
[Site "Braunschweig GER"]
[Date "2019.12.27"]
[Round "1"]
[White "Späth, René"]
[Black "Hamkar, Mehran"]
[Result "0-1"]
[Termination "normal"]
[Board "5.5"]
[WhiteElo "1584"]
[BlackElo "1814"]
[WhiteClock "00:32:19"]
[BlackClock "00:03:46"]
[WhiteTeam "SF HN-Biberach 1978 e.V."]
[BlackTeam "Schachfreunde Augsburg"]
[PlyCount "72"]
[WhiteFideId "16224272"]
[BlackFideId "16216946"]
[EventCountry "GER"]
[EventRounds "7"]
[EventType "team-swiss"]
[EventDate "2019.12.26"]

1. e4 {[%clk 1:30:58]} c5 {[%clk 1:30:51]} 2. Nf3 {[%clk 1:31:20]} d6 {[%clk
1:31:11]} 3. d4 cxd4 {[%clk 1:31:32]} 4. Nxd4 {[%clk 1:31:55]} Nf6 5. Nc3
{[%clk 1:31:36]} g6 {[%clk 1:32:11]} 6. Bc4 {[%clk 1:31:09]} Bg7 {[%clk
1:32:23]} 7. Be3 {[%clk 1:31:08]} O-O 8. f3 {[%clk 1:28:48]} Nc6 {[%clk
1:32:48]} 9. Nb3 {[%clk 1:26:54]} Ne5 {[%clk 1:28:36]} 10. Be2 {[%clk 1:24:20]}
Be6 {[%clk 1:26:47]} 11. Qd2 Nc4 {[%clk 0:51:59]} 12. Bxc4 {[%clk 1:04:21]}
Bxc4 {[%clk 0:49:19]} 13. O-O-O {[%clk 1:03:23]} b5 {[%clk 0:47:18]} 14. Bh6
{[%clk 0:56:51]} a5 {[%clk 0:29:12]} 15. Bxg7 {[%clk 0:52:11]} Kxg7 {[%clk
0:29:10]} 16. Kb1 {[%clk 0:49:14]} Qb6 {[%clk 0:18:57]} 17. Nd5 {[%clk
0:46:06]} Bxd5 {[%clk 0:18:48]} 18. exd5 {[%clk 0:46:27]} Rfc8 {[%clk 0:17:40]}
19. Rhe1 {[%clk 0:46:21]} Ra7 {[%clk 0:16:17]} 20. Re2 {[%clk 0:43:13]} a4
{[%clk 0:10:11]} 21. Na1 {[%clk 0:42:16]} Rac7 {[%clk 0:09:36]} 22. Qe1 {[%clk
0:41:47]} Qb7 {[%clk 0:09:39]} 23. Red2 {[%clk 0:38:44]} Rc5 {[%clk 0:08:37]}
24. g4 {[%clk 0:38:10]} Nxd5 {[%clk 0:06:57]} 25. Qe4 {[%clk 0:38:14]} e6
{[%clk 0:06:54]} 26. h4 {[%clk 0:37:09]} Rc4 {[%clk 0:05:37]} 27. Qe2 {[%clk
0:36:56]} a3 {[%clk 0:04:59]} 28. Nb3 {[%clk 0:35:13]} axb2 {[%clk 0:04:28]}
29. Kxb2 {[%clk 0:35:34]} Nc3 {[%clk 0:03:52]} 30. Na5 {[%clk 0:32:50]} Rb4+
{[%clk 0:04:03]} 31. Ka1 {[%clk 0:33:04]} Qa6 {[%clk 0:04:12]} 32. Rxd6 {[%clk
0:33:17]} Qxa5 {[%clk 0:03:25]} 33. Qe5+ {[%clk 0:33:39]} Kg8 {[%clk 0:03:37]}
34. Rd8+ {[%clk 0:31:35]} Rxd8 {[%clk 0:03:30]} 35. Rxd8+ {[%clk 0:32:00]} Qxd8
{[%clk 0:03:46]} 36. Qxc3 {[%clk 0:32:19]} Qd1# 0-1